| 000 | 00548nam a2200157 4500 | ||
|---|---|---|---|
| 008 | 040810s1966 pau b 000 0 eng | ||
| 020 | _a0801055601 | ||
| 090 |
_aBR516.5 _bL58c |
||
| 100 | 1 |
_aLewis, Gordon Russell, _d1926- |
|
| 245 | 1 | 0 |
_aConfronting the cults / _cby Gordon R. Lewis. |
| 260 |
_aPhiladelphia : _bPresbyterian and Reformed Pub. Co., _c1966. |
||
| 300 |
_a198 p. _c22 cm. |
||
| 504 | _aIncludes bibliographical references. | ||
| 650 | 4 |
_aSects _zUnited States. |
|
| 951 |
_p5497 _x00016649 _oBR516.5/L58c _j070613111411468 _d2000-12-21 _cFIL |
||
| 999 |
_c20905 _d20905 |
||